000 00896nam a22002297a 4500
008 100803s1999mau|||||r|||| 001 0 eng d
020 _a1886801347
082 _a005.16
_bSOL
110 _916987
245 _aY2K Solutions for Microsoft Products/
_cJD Consulting
260 _aRockland, Mass. :
_bCharles River Media, Inc. ,
_c1999
300 _a506 p. :
_bill. ;
_c22 cm.
490 _910362
500 _aIncludes index
650 _916993
_aYear 2000 date conversion (Computer systems)
650 _916994
_aSoftware maintenance
650 _916995
_aMicrosoft software
710 _916987
_aJD Consulting
942 _2ddc
_cBB
999 _c14591
_d14591